[Event "NRW Class1 1617"]
[Site "Germany"]
[Date "2017.03.05"]
[Round "7.8"]
[White "Sebe Vodislav, Florian George"]
[Black "Van der Weide, Karel"]
[Result "1/2-1/2"]
[WhiteElo "2336"]
[BlackElo "2422"]
[PlyCount "119"]
[EventDate "2016.09.25"]
[EventType "team-tourn"]
[EventRounds "9"]
[EventCountry "GER"]
[SourceTitle "EXT 2023"]
[Source "ChessBase"]
[SourceDate "2022.10.05"]
[SourceVersion "1"]
[SourceVersionDate "2022.10.05"]
[SourceQuality "1"]
[WhiteTeam "Plettenberg"]
[BlackTeam "Muenster SK"]
[WhiteTeamCountry "GER"]
[BlackTeamCountry "GER"]

1. e4 c5 2. Nf3 d6 3. d4 cxd4 4. Qxd4 Nf6 5. Nc3 e5 6. Bb5+ Nbd7 7. Qd3 h6 8. 0-0 Be7 9. a4 0-0 10. h3 Qc7 11. Bxd7 Bxd7 12. b3 Rac8 13. Bb2 Rfd8 14. Rfd1 Be6 15. Qe3 Qc5 16. Qe1 d5 17. exd5 Nxd5 18. Nxd5 Rxd5 19. Rxd5 Qxd5 20. Rd1 Qc6 21. Bxe5 Qxc2 22. Nd4 Qg6 23. Nxe6 Qxe6 24. Bd4 Qxb3 25. a5 Bb4 26. Rb1 Bxe1 27. Rxb3 Rc7 28. Rb5 a6 29. Re5 Bb4 30. g3 f6 31. Rd5 Kf7 32. Bb6 Ke6 33. Rd8 Rd7 34. Rc8 Bd6 35. Kg2 Be5 36. Kf3 Bd4 37. Bxd4 Rxd4 38. Ke3 Rd5 39. Rc7 Rd7 40. Rc8 Kd6 41. Kd4 Rc7 42. Rd8+ Kc6 43. Kc4 Re7 44. Rc8+ Kd7 45. Rg8 Kd6 46. Rd8+ Kc7 47. Rg8 b5+ 48. axb6+ Kxb6 49. Kd5 Rb7 50. f4 Kb5 51. g4 a5 52. Kd4 Kb4 53. Kd3 Kb3 54. Kd2 Kb2 55. Ra8 Rd7+ 56. Ke3 Rd5 57. Ra7 Rb5 58. Kd2 Rd5+ 59. Ke3 Rb5 60. Kd2 1/2-1/2

[Event "NED-chT 1314"]
[Site "Netherlands"]
[Date "2014.04.12"]
[Round "8.4"]
[White "Van der Weide, Karel"]
[Black "Lemmers, Oscar"]
[Result "1/2-1/2"]
[WhiteElo "2448"]
[BlackElo "2383"]
[PlyCount "21"]
[EventDate "2013.09.21"]
[EventType "team-tourn"]
[EventRounds "9"]
[EventCountry "NED"]
[SourceTitle "EXT 2015"]
[Source "ChessBase"]
[SourceDate "2014.11.20"]
[SourceVersion "1"]
[SourceVersionDate "2014.11.20"]
[SourceQuality "1"]
[WhiteTeam "Rotterdam"]
[BlackTeam "Voerendaal"]
[WhiteTeamCountry "NED"]
[BlackTeamCountry "NED"]

1. e4 c5 2. Nf3 e6 3. d4 cxd4 4. Nxd4 a6 5. Nc3 Qc7 6. Bd3 Nf6 7. Qe2 d6 8. f4 Nbd7 9. g4 Nc5 10. g5 Nfd7 11. Bd2 1/2-1/2

[Event "Liechtenstein op 31st"]
[Site "Triesen"]
[Date "2013.05.10"]
[Round "8"]
[White "Van der Weide, Karel"]
[Black "Kessler, Luca"]
[Result "0-1"]
[WhiteElo "2448"]
[BlackElo "2242"]
[PlyCount "134"]
[EventDate "2013.05.03"]
[EventType "swiss"]
[EventRounds "9"]
[EventCountry "LIE"]
[SourceTitle "CBM 154 Extra"]
[Source "ChessBase"]
[SourceDate "2013.06.25"]
[SourceVersion "2"]
[SourceVersionDate "2013.06.25"]
[SourceQuality "1"]

1. e4 e5 2. Nf3 Nc6 3. Bb5 a6 4. Bxc6 dxc6 5. 0-0 Qf6 6. d4 exd4 7. Bg5 Qd6 8. Qxd4 Qxd4 9. Nxd4 Bd7 10. Nc3 Ne7 11. Rad1 0-0-0 12. f3 f6 13. Be3 Ng6 14. Nde2 Be7 15. Rd2 Rhe8 16. g4 Ne5 17. b3 h5 18. h3 hxg4 19. hxg4 Rh8 20. Kg2 Rh7 21. Nd1 g5 22. Nb2 Rdh8 23. Bg1 Bd6 24. Nd3 Nxd3 25. cxd3 c5 26. Ng3 b6 27. Rfd1 Bf4 28. Rc2 Be5 29. Nf1 Kb7 30. Bf2 Rh1 31. Bg1 R1h7 32. Bf2 Rh1 33. Bg1 a5 34. Rcc1 Bb5 35. Ng3 R1h7 36. Nh5 Rd7 37. Bh2 Rhd8 38. Bxe5 fxe5 39. Nf6 Rxd3 40. Rxd3 Rxd3 41. Nh7 Rd2+ 42. Kg3 Rxa2 43. Nxg5 Be8 44. f4 exf4+ 45. Kxf4 Ra3 46. Rb1 c4 47. bxc4 Rc3 48. Nh7 Rxc4 49. Nf6 Bf7 50. Kf5 a4 51. g5 a3 52. g6 Rc5+ 53. e5 Bxg6+ 54. Kxg6 Rxe5 55. Ra1 Ra5 56. Kf7 b5 57. Ne4 b4 58. Nd2 Rd5 59. Nc4 Rd3 60. Ke6 Ka6 61. Ne5 Rd6+ 62. Kf5 Kb5 63. Ke4 c5 64. Nf3 Ka4 65. Ne5 Rd4+ 66. Ke3 b3 67. Nd3 Rxd3+ 0-1

[Event "NRW Class2 1213"]
[Site "Germany"]
[Date "2012.12.16"]
[Round "4.1"]
[White "Van der Weide, Karel"]
[Black "Seel, Christian"]
[Result "0-1"]
[WhiteElo "2402"]
[BlackElo "2444"]
[PlyCount "128"]
[EventDate "2012.09.16"]
[EventType "team-tourn"]
[EventRounds "9"]
[EventCountry "GER"]
[SourceTitle "EXT 2017"]
[Source "ChessBase"]
[SourceDate "2016.10.25"]
[SourceVersion "1"]
[SourceVersionDate "2016.10.25"]
[SourceQuality "1"]
[WhiteTeam "Muenster"]
[BlackTeam "Niederkassel"]
[WhiteTeamCountry "GER"]
[BlackTeamCountry "GER"]

1. e4 e5 2. Nf3 d6 3. d4 exd4 4. Nxd4 Nf6 5. Nc3 Be7 6. g3 0-0 7. Bg2 Nc6 8. Nxc6 bxc6 9. 0-0 Bg4 10. f3 Be6 11. b3 Re8 12. Bb2 Qc8 13. g4 d5 14. e5 Bc5+ 15. Kh1 Nd7 16. Na4 Bf8 17. f4 f5 18. exf6 Nxf6 19. f5 Bf7 20. Qd4 Ne4 21. Rae1 Qd8 22. Nc3 Bc5 23. Qxg7+ Kxg7 24. Nxe4+ Kf8 25. Nxc5 Rxe1 26. Rxe1 Qd6 27. Nd3 Re8 28. Be5 Qa3 29. h4 Qxa2 30. Re2 Kg8 31. Kh2 a5 32. Bf3 a4 33. bxa4 c5 34. Kg3 c4 35. Nb4 Qxa4 36. Nxd5 Rxe5 37. Rxe5 Qxc2 38. Nf6+ Kg7 39. Ne4 Qc1 40. Rc5 Qg1+ 41. Kh3 Qf1+ 42. Kg3 Qg1+ 43. Kh3 Qf1+ 44. Kg3 Kf8 45. Rxc7 Qg1+ 46. Kh3 Bd5 47. Ng5 Bxf3 48. Nxf3 Qf2 49. Ng5 Ke8 50. h5 Qe3+ 51. Kh4 Qe1+ 52. Kh3 Qe3+ 53. Kh4 h6 54. Ne6 Qf2+ 55. Kh3 Qf3+ 56. Kh4 c3 57. Ng7+ Kf8 58. Ne6+ Kg8 59. Rg7+ Kh8 60. Rf7 Qh1+ 61. Kg3 Qa8 62. f6 Qb8+ 63. Nf4 c2 64. Kf3 Qb3+ 0-1

[Event "NED-chT 1213"]
[Site "Netherlands"]
[Date "2012.11.03"]
[Round "3.5"]
[White "Van Foreest, Jorden"]
[Black "Van der Weide, Karel"]
[Result "0-1"]
[WhiteElo "2224"]
[BlackElo "2451"]
[PlyCount "76"]
[EventDate "2012.09.15"]
[EventType "team-tourn"]
[EventRounds "9"]
[EventCountry "NED"]
[SourceTitle "EXT 2013"]
[Source "ChessBase"]
[SourceDate "2012.11.22"]
[SourceVersion "1"]
[SourceVersionDate "2012.11.22"]
[SourceQuality "1"]
[WhiteTeam "Groningen"]
[BlackTeam "Rotterdam"]
[WhiteTeamCountry "NED"]
[BlackTeamCountry "NED"]

1. e4 c5 2. Nf3 b6 3. c3 Bb7 4. Bd3 Nf6 5. e5 Nd5 6. 0-0 e6 7. Bc2 Be7 8. d4 cxd4 9. Nxd4 Qc7 10. Re1 a6 11. Nd2 Nc6 12. Nxc6 Bxc6 13. Nc4 b5 14. Nd2 0-0 15. Qh5 f5 16. Nf3 g6 17. Qh6 Rf7 18. Bg5 Bf8 19. Qh4 h6 20. Bd2 Rh7 21. Qg3 g5 22. Nd4 Bc5 23. h4 g4 24. Nxf5 exf5 25. Bxf5 Rf8 26. Bxh7+ Kxh7 27. Re2 Ne7 28. h5 Qb7 29. e6 dxe6 30. Qxg4 Bf3 31. Qxe6 Bxe2 32. Qxh6+ Kg8 33. Qe6+ Rf7 34. Qxe2 Rxf2 35. Qg4+ Kh7 36. Kh1 Rxd2 37. Rf1 Qd5 38. h6 Ng6 0-1

[Event "Liechtenstein op 30th"]
[Site "Triesen"]
[Date "2012.05.16"]
[Round "6"]
[White "Van der Weide, Karel"]
[Black "Kessler, Luca"]
[Result "1-0"]
[WhiteElo "2456"]
[BlackElo "2233"]
[PlyCount "65"]
[EventDate "2012.05.11"]
[EventType "swiss"]
[EventRounds "9"]
[EventCountry "LIE"]
[SourceTitle "CBM 148 Extra"]
[Source "ChessBase"]
[SourceDate "2012.06.22"]
[SourceVersion "1"]
[SourceVersionDate "2012.06.22"]
[SourceQuality "1"]

1. e4 c6 2. d4 d5 3. e5 Bf5 4. Nf3 e6 5. Be2 c5 6. Be3 cxd4 7. Nxd4 Ne7 8. Nd2 Nbc6 9. N2f3 Be4 10. 0-0 Ng6 11. Nxc6 bxc6 12. Ng5 Be7 13. Nxe4 dxe4 14. Qd4 Qxd4 15. Bxd4 0-0 16. Rfe1 Rfd8 17. Bc3 e3 18. fxe3 Bc5 19. Bf3 Ne7 20. Kf2 Bb6 21. Rad1 Nd5 22. Bd2 Rac8 23. g3 c5 24. a3 c4 25. Bxd5 exd5 26. Bc3 Rd7 27. Re2 Rcd8 28. Red2 h5 29. Kf3 Kh7 30. Bb4 Kg6 31. Bd6 f6 32. Rxd5 fxe5 33. Ke4 1-0

[Event "Muensterland op 29th"]
[Site "Senden"]
[Date "2011.10.28"]
[Round "9"]
[White "Landa, Konstantin"]
[Black "Van der Weide, Karel"]
[Result "1-0"]
[WhiteElo "2639"]
[BlackElo "2449"]
[PlyCount "81"]
[EventDate "2011.10.21"]
[EventType "swiss"]
[EventRounds "9"]
[EventCountry "GER"]
[SourceTitle "EXT 2012"]
[Source "ChessBase"]
[SourceDate "2011.11.24"]
[SourceVersion "1"]
[SourceVersionDate "2011.11.24"]
[SourceQuality "1"]

1. e4 c5 2. Nf3 d6 3. d4 cxd4 4. Nxd4 Nf6 5. Nc3 Nc6 6. Bg5 e6 7. Qd2 Be7 8. 0-0-0 0-0 9. f4 Nxd4 10. Qxd4 Qa5 11. e5 dxe5 12. Qxe5 Qxe5 13. fxe5 Nd5 14. Bxe7 Nxe7 15. Bd3 b6 16. Be4 Rb8 17. Nb5 Bb7 18. Rhe1 Bxe4 19. Rxe4 Nc6 20. Rd6 Rfc8 21. Rc4 Nxe5 22. Rxc8+ Rxc8 23. Nxa7 Rb8 24. a4 g5 25. Nc6 Nxc6 26. Rxc6 Kg7 27. c4 h5 28. b4 Kf6 29. Kc2 Ke5 30. Kb3 f5 31. c5 bxc5 32. Rxc5+ Kd6 33. a5 h4 34. Kc4 g4 35. a6 f4 36. Rg5 g3 37. hxg3 hxg3 38. b5 Kc7 39. Kc5 Re8 40. b6+ Kb8 41. Kb5 1-0

[Event "Muensterland op 29th"]
[Site "Senden"]
[Date "2011.10.25"]
[Round "6"]
[White "Torres Kuckel, Rafael"]
[Black "Van der Weide, Karel"]
[Result "1-0"]
[WhiteElo "2243"]
[BlackElo "2449"]
[PlyCount "81"]
[EventDate "2011.10.21"]
[EventType "swiss"]
[EventRounds "9"]
[EventCountry "GER"]
[SourceTitle "EXT 2012"]
[Source "ChessBase"]
[SourceDate "2011.11.24"]
[SourceVersion "1"]
[SourceVersionDate "2011.11.24"]
[SourceQuality "1"]

1. e4 c5 2. c3 b6 3. d4 Bb7 4. Bd3 Nf6 5. Qe2 cxd4 6. cxd4 Nc6 7. Nf3 Nb4 8. Nc3 Nxd3+ 9. Qxd3 e6 10. Bg5 Be7 11. 0-0 0-0 12. Rfe1 d6 13. a4 a6 14. h3 Rc8 15. Rac1 Re8 16. Red1 h6 17. Bh4 Qc7 18. Qe3 Qb8 19. Bg3 Qa8 20. Nd2 Nh5 21. Bh2 Bg5 22. f4 Be7 23. Qd3 Nf6 24. Re1 Bf8 25. Bg3 Nh5 26. Bh2 g6 27. g4 Nf6 28. Bg3 Nd7 29. Kh2 Qb8 30. f5 exf5 31. gxf5 gxf5 32. exf5 Kh8 33. Rg1 Qc7 34. Bf4 Nf6 35. d5 Qd7 36. Rcf1 Rxc3 37. bxc3 Bxd5 38. Be3 Kh7 39. Bd4 Be4 40. Nxe4 Rxe4 41. Qg3 1-0

[Event "Muensterland op 29th"]
[Site "Senden"]
[Date "2011.10.24"]
[Round "5"]
[White "Van der Weide, Karel"]
[Black "Boehm, Juergen1111"]
[Result "1-0"]
[WhiteElo "2449"]
[BlackElo "2218"]
[PlyCount "67"]
[EventDate "2011.10.21"]
[EventType "swiss"]
[EventRounds "9"]
[EventCountry "GER"]
[SourceTitle "EXT 2012"]
[Source "ChessBase"]
[SourceDate "2011.11.24"]
[SourceVersion "1"]
[SourceVersionDate "2011.11.24"]
[SourceQuality "1"]

1. e4 e6 2. d4 d5 3. Nc3 Bb4 4. e5 c5 5. a3 Bxc3+ 6. bxc3 Qa5 7. Bd2 Qa4 8. Qb1 c4 9. Nf3 Nc6 10. g3 Bd7 11. Bg2 0-0-0 12. 0-0 f6 13. exf6 gxf6 14. Re1 h5 15. Nh4 Nge7 16. Bf4 Rdg8 17. Bh3 f5 18. Qc1 Ng6 19. Nxg6 Rxg6 20. Bg2 h4 21. gxh4 Rxh4 22. Bg3 Rhg4 23. h3 Rxg3 24. fxg3 Rxg3 25. Re3 Rxe3 26. Qxe3 Qxc2 27. Rf1 Qb3 28. h4 Qxa3 29. h5 a5 30. h6 Qe7 31. Kf2 a4 32. Rh1 Qh7 33. Bf3 Na5 34. Qe5 1-0

[Event "Augsburg Ibis 6th"]
[Site "Augsburg"]
[Date "2010.01.02"]
[Round "7"]
[White "Van der Weide, Karel"]
[Black "Rooze, Jan"]
[Result "1/2-1/2"]
[WhiteElo "2447"]
[BlackElo "2255"]
[PlyCount "77"]
[EventDate "2009.12.27"]
[EventType "tourn"]
[EventRounds "9"]
[EventCountry "GER"]
[EventCategory "5"]
[SourceTitle "EXT 2011"]
[Source "ChessBase"]
[SourceDate "2010.11.26"]
[SourceVersion "1"]
[SourceVersionDate "2010.11.26"]
[SourceQuality "1"]

1. e4 c5 2. Nf3 e6 3. d4 cxd4 4. Nxd4 Nc6 5. Nc3 Qc7 6. g4 a6 7. Bg2 Nge7 8. 0-0 Ng6 9. Re1 Bd6 10. h3 Nxd4 11. Qxd4 0-0 12. Be3 b5 13. Rad1 Bh2+ 14. Kh1 Nh4 15. Qc5 Nxg2 16. Kxg2 Rd8 17. Ne2 Be5 18. Qxc7 Bxc7 19. Bg5 f6 20. Bf4 e5 21. Bd2 d5 22. Nc3 dxe4 23. Nxe4 Bb7 24. f3 Rd5 25. Be3 Rad8 26. Rxd5 Rxd5 27. Rc1 Bd8 28. c4 bxc4 29. Rxc4 g6 30. Rb4 Rb5 31. Rxb5 axb5 32. Bc5 Bc6 33. b3 Kf7 34. Nc3 Ke6 35. Bb4 Bb6 36. a4 bxa4 37. bxa4 Bd4 38. a5 Bxc3 39. Bxc3 1/2-1/2

[Event "Augsburg Ibis 6th"]
[Site "Augsburg"]
[Date "2009.12.29"]
[Round "3"]
[White "De Francesco, Klaus"]
[Black "Van der Weide, Karel"]
[Result "0-1"]
[WhiteElo "2306"]
[BlackElo "2447"]
[PlyCount "54"]
[EventDate "2009.12.27"]
[EventType "tourn"]
[EventRounds "9"]
[EventCountry "GER"]
[EventCategory "5"]
[SourceTitle "EXT 2011"]
[Source "ChessBase"]
[SourceDate "2010.11.26"]
[SourceVersion "1"]
[SourceVersionDate "2010.11.26"]
[SourceQuality "1"]

1. d4 g6 2. c4 Nf6 3. Nc3 Bg7 4. e4 d6 5. Nf3 0-0 6. Be2 Na6 7. 0-0 e5 8. Be3 h6 9. h3 exd4 10. Bxd4 Re8 11. Nd2 Nc5 12. Qc2 Nfxe4 13. Bxg7 Nxd2 14. Bxh6 Nxf1 15. Rxf1 c6 16. Qd2 Qe7 17. Bf3 Bf5 18. b4 Nd7 19. g4 Ne5 20. Be2 Bd3 21. Kg2 Bxe2 22. Qxe2 Qe6 23. Qd2 Nxg4 24. hxg4 Qxg4+ 25. Kh1 Re5 26. Bf4 Rh5+ 27. Bh2 Qh3 0-1

[Event "Augsburg Ibis 6th"]
[Site "Augsburg"]
[Date "2009.12.27"]
[Round "1"]
[White "Grimberg, Boris"]
[Black "Van der Weide, Karel"]
[Result "1/2-1/2"]
[WhiteElo "2369"]
[BlackElo "2447"]
[PlyCount "93"]
[EventDate "2009.12.27"]
[EventType "tourn"]
[EventRounds "9"]
[EventCountry "GER"]
[EventCategory "5"]
[SourceTitle "EXT 2011"]
[Source "ChessBase"]
[SourceDate "2010.11.26"]
[SourceVersion "1"]
[SourceVersionDate "2010.11.26"]
[SourceQuality "1"]

1. e4 c5 2. Nf3 d6 3. d4 cxd4 4. Nxd4 Nf6 5. Nc3 Nc6 6. Bc4 e6 7. Be3 a6 8. Qe2 Bd7 9. 0-0-0 Na5 10. Bb3 Rc8 11. f3 h5 12. Bg5 Be7 13. h4 b5 14. Rhe1 0-0 15. e5 Nxb3+ 16. Nxb3 dxe5 17. Qxe5 Qc7 18. Qxc7 Rxc7 19. Bf4 Rc4 20. Be5 b4 21. Bxf6 Bxf6 22. Ne4 Bb5 23. Nbd2 Rc7 24. Nxf6+ gxf6 25. Ne4 Kg7 26. g4 hxg4 27. fxg4 Bc6 28. Rd2 a5 29. Ng3 Bf3 30. Nh5+ Kg6 31. Nxf6 Kxf6 32. Rf2 Rc4 33. Rxf3+ Kg7 34. Rg1 Rfc8 35. Rf2 R8c7 36. Rh2 Rf4 37. b3 a4 38. bxa4 Ra7 39. h5 Rxa4 40. h6+ Kh7 41. Kb1 Ra8 42. Kb2 Kg6 43. Rgg2 f6 44. Rh4 Kg5 45. Rh5+ Kg6 46. Rh4 Kg5 47. Rh5+ 1/2-1/2

[Event "NED-ch64"]
[Site "Haaksbergen"]
[Date "2009.09.19"]
[Round "8"]
[White "Giri, Anish"]
[Black "Van der Weide, Karel"]
[Result "1-0"]
[WhiteElo "2552"]
[BlackElo "2462"]
[PlyCount "101"]
[EventDate "2009.09.12"]
[EventType "tourn"]
[EventRounds "9"]
[EventCountry "NED"]
[EventCategory "11"]
[SourceTitle "CBM 132 Extra"]
[Source "ChessBase"]
[SourceDate "2009.11.03"]
[SourceVersion "1"]
[SourceVersionDate "2009.11.03"]
[SourceQuality "1"]

1. e4 c5 2. Nf3 b6 3. d4 cxd4 4. Nxd4 Bb7 5. Nc3 a6 6. Bg5 Qc7 7. Bd3 g6 8. 0-0 Bg7 9. Nf3 Nf6 10. Re1 d6 11. Nd5 Bxd5 12. exd5 0-0 13. Nd4 Ra7 14. c4 Re8 15. Bf1 Qc8 16. h3 Rc7 17. Qd2 Nbd7 18. Nc6 Nc5 19. Be3 e5 20. b4 Ncd7 21. a4 Ne4 22. Qc2 f5 23. a5 bxa5 24. Rxa5 Nef6 25. Qa2 f4 26. Bc1 Nb8 27. c5 Bf8 28. Nxb8 Qxb8 29. Bd2 Rf7 30. Rxa6 f3 31. g3 e4 32. Rb6 Qc8 33. Be3 h5 34. cxd6 Qf5 35. d7 Nxd7 36. Re6 Rb8 37. b5 Bc5 38. d6 Rbf8 39. Qc4 Bxe3 40. Rxe3 Nf6 41. Re7 Kg7 42. b6 Rxe7 43. dxe7 Re8 44. b7 Qe5 45. Qc8 Qb2 46. Rc3 Qb1 47. g4 hxg4 48. hxg4 g5 49. Qf5 Qa1 50. Rc8 e3 51. Qxg5+ 1-0

[Event "NED-ch64"]
[Site "Haaksbergen"]
[Date "2009.09.14"]
[Round "3"]
[White "Van der Weide, Karel"]
[Black "Bitalzadeh, Ali"]
[Result "1-0"]
[WhiteElo "2462"]
[BlackElo "2437"]
[PlyCount "109"]
[EventDate "2009.09.12"]
[EventType "tourn"]
[EventRounds "9"]
[EventCountry "NED"]
[EventCategory "11"]
[SourceTitle "CBM 132 Extra"]
[Source "ChessBase"]
[SourceDate "2009.11.03"]
[SourceVersion "1"]
[SourceVersionDate "2009.11.03"]
[SourceQuality "1"]

1. e4 c6 2. d4 d5 3. e5 c5 4. dxc5 e6 5. Be3 Nh6 6. c3 Nd7 7. Bb5 Nf5 8. Bd4 a6 9. Bxd7+ Bxd7 10. Nf3 Nxd4 11. cxd4 b6 12. c6 Bxc6 13. 0-0 g5 14. Nc3 h5 15. Ne1 g4 16. Nd3 Qh4 17. Rc1 Bh6 18. Rc2 a5 19. Kh1 Rh7 20. f4 gxf3 21. Qxf3 Kd7 22. Nf4 Bxf4 23. Qxf4 Qxf4 24. Rxf4 b5 25. Ne2 b4 26. Rf2 a4 27. h4 Rg8 28. Kh2 Rg4 29. Rf4 Bb5 30. Rxg4 hxg4 31. Kg3 Bc4 32. Nc1 f5 33. exf6 Rf7 34. b3 axb3 35. axb3 Bb5 36. Rf2 e5 37. dxe5 Ke6 38. Na2 Kxe5 39. Nxb4 d4 40. Kxg4 d3 41. Rf5+ Ke6 42. Nd5 Kd6 43. Kg5 Bd7 44. Rf3 Kxd5 45. Rxd3+ Ke4 46. Rxd7 Rxd7 47. Kg6 Rd6 48. g4 Kf4 49. g5 Kg4 50. Kg7 Kxh4 51. f7 Rd7 52. Kg8 Rd8+ 53. f8Q Rxf8+ 54. Kxf8 Kxg5 55. Ke7 1-0

[Event "NED-ch64"]
[Site "Haaksbergen"]
[Date "2009.09.13"]
[Round "2"]
[White "Ernst, Sipke"]
[Black "Van der Weide, Karel"]
[Result "1-0"]
[WhiteElo "2589"]
[BlackElo "2462"]
[PlyCount "135"]
[EventDate "2009.09.12"]
[EventType "tourn"]
[EventRounds "9"]
[EventCountry "NED"]
[EventCategory "11"]
[SourceTitle "CBM 132 Extra"]
[Source "ChessBase"]
[SourceDate "2009.11.03"]
[SourceVersion "1"]
[SourceVersionDate "2009.11.03"]
[SourceQuality "1"]

1. Nf3 Nf6 2. c4 g6 3. Nc3 Bg7 4. e4 d6 5. d4 0-0 6. Be2 Na6 7. Be3 e5 8. 0-0 h6 9. dxe5 Ng4 10. Bd2 Nxe5 11. Nxe5 dxe5 12. Be3 c6 13. Qc1 Kh7 14. Na4 Qe7 15. a3 b6 16. c5 b5 17. Nc3 Nc7 18. b4 a5 19. bxa5 Ne6 20. a4 b4 21. Na2 b3 22. Nb4 Nd4 23. Bxd4 exd4 24. Rb1 f5 25. e5 Qxe5 26. Re1 Re8 27. Nd3 Qc7 28. Bf3 Be6 29. Qf4 Qxf4 30. Nxf4 Bd7 31. Rxe8 Bxe8 32. Rxb3 Rxa5 33. Rb7 Rxa4 34. Kf1 d3 35. Nxd3 Kg8 36. Rb8 Ra1+ 37. Ke2 Kf7 38. Rc8 Bd4 39. Bxc6 Ra2+ 40. Kd1 Bxc6 41. Rc7+ Kf8 42. Rxc6 Kf7 43. Rd6 Bxf2 44. Ne5+ Ke8 45. c6 Bb6 46. Rxg6 Ke7 47. h4 h5 48. Nc4 Bc7 49. Ne3 Ra5 50. Rg7+ Kd8 51. Rf7 Rc5 52. Rxf5 Rxc6 53. Rxh5 Rg6 54. Ke1 Bg3+ 55. Ke2 Bf4 56. Nd5 Bd6 57. g4 Re6+ 58. Kf3 Re1 59. Rh8+ Kd7 60. Nf6+ Kc6 61. Rh6 Be5 62. g5 Ba1 63. Kg4 Kd6 64. Nh5+ Ke7 65. Nf4 Bb2 66. Rb6 Bd4 67. Rb7+ Kd6 68. Rb3 1-0